000 00795cam a22002413a 4500
001 31336
003 PGUSA
005 20140828083658.0
008 100221s2010||||xxu|||||s|||||000 | eng d
040 _aPGUSA
_beng
042 _adc
050 4 _aBV
100 1 _aTayler, Charles B.
_q(Charles Benjamin),
_d1797-1875
245 1 0 _aRautakanki ja kuinka viimein kävi :
_btosikertomus
_h[electronic resource] /
_cCharles B. Tayler
260 _bProject Gutenberg,
_c2010
506 _aPublic domain in the USA.
516 _aElectronic text
653 _aSuffering -- Religious aspects -- Christianity
740 0 _aThe bar of iron : or, unsanctified affliction, a true story. Finnish
830 0 _aProject Gutenberg
_v31336
856 4 0 _uhttp://www.gutenberg.org/ebooks/31336
942 _cEB
999 _c260591
_d260591